| 000 | 01256nam a22003377a 4500 | ||
|---|---|---|---|
| 003 | CHAP | ||
| 005 | 20220329135034.0 | ||
| 008 | 971013s1984 r 00010 d | ||
| 010 | _a29942 | ||
| 011 | _a30914 | ||
| 035 | _a35026 | ||
| 040 | _cCHAP | ||
| 082 |
_a519.92 _bL5Y |
||
| 100 | 0 | 0 |
_aLilienfeld, Robert. _966767 |
| 245 |
_aTeoría de sistemas _b: origenes y aplicaciones en ciencias sociales |
||
| 260 |
_aMéxico : _bTrillas, _c1984 |
||
| 300 | _a342 p. | ||
| 590 |
_aBATCH-UPD _b10 _c20130110 _lUCH01 _h0029 |
||
| 590 |
_aBATCH-UPD _b10 _c20130110 _lUCH01 _h1706 |
||
| 590 |
_aBATCH-UPD _b10 _c20130410 _lUCH01 _h1053 |
||
| 590 |
_aBATCH-UPD _b10 _c20130914 _lUCH01 _h0350 |
||
| 590 |
_aCONVERSION _b10 _c20130109 _lUCH01 _h1317 |
||
| 650 | 1 | 4 |
_aAnálisis de sistemas. _95976 |
| 650 | 1 | 4 |
_aCiencias sociales. _923213 |
| 901 | _aBK | ||
| 942 | _cLIBRO | ||
| 949 |
_a519.92 L5Y _bBC _cLIBRO _d33724000445508 _eLIBRO _gI.c/e _h75426 _i35026 _mDir. _si _t13.00 |
||
| 949 |
_a519.92 L5Y _bBC _cLIBRO _d33724000957031 _eLIBRO _fc.4 _h105767 _i35026 _kI.c/e _si _t$ 190.00 |
||
| 949 |
_a519.92 L5Y _bBC _cLIBRO _d33724000957213 _eLIBRO _fc.3 _h105766 _i35026 _kI.c/e _si _t$ 190.00 |
||
| 949 |
_a519.92 L5Y _bBC _cLIBRO _d33724000957270 _eLIBRO _fc.2 _h105765 _i35026 _kI.c/e _si _t$ 190.00 |
||
| 999 |
_c29942 _d29942 |
||